000 02468nam a22003737a 4500
001 100053
003 KnowledgeUnlatched
005 20210303105345.0
006 m o d
007 cr u||||||||||
008 210129p20162017enk o u00| u eng d
035 _a(OCoLC)968727119
037 _5BiblioBoard
245 0 4 _aThe Profit Doctrine
_bEconomists of the Neoliberal Era /
_cRobert Chernomas, Ian Hudson.
020 _a9781783719938
029 1 _ahttps://library.biblioboard.com/ext/api/media/eadfb4fd-1ab9-4025-ad45-5ad734f10439/assets/thumbnail.jpg
040 _aScCtBLL
_cScCtBLL
100 1 _aChernomas, Robert
_eauthor.
506 0 _aAccess copy available to the general public.
_fUnrestricted
_2star
700 1 _aHudson, Ian
_eauthor.
264 1 _bPluto Press,
300 _a1 online resource (238 p.)
520 _aThe economics profession has a lot to answer for. After the late 1970s, the ideas of influential economists have justified policies that have made the world more prone to economic crisis, remarkably less equal, more polluted and less secure than it might be. How could ideas and policies that proved to be such an abject failure come to dominate the economic landscape? By critically examining the work of the most famous economists of the neoliberal period including Alan Greenspan, Joseph Stiglitz and Paul Krugman, the authors Robert Chernomas and Ian Hudson demonstrate that many of those who rose to prominence did so primarily because of their defence of, and contribution to, rising corporate profits and not their ability to predict or explain economic events.An important and controversial book, The Profit Doctrine exposes the uses and abuses of mainstream economic canons, identify those responsible and reaffirm the primacy of political economy.
588 0 _aDescription based on print version record.
590 _aKU Select 2016 Front List Collection
650 7 _aPolitical Science / Public Policy / Economic Policy
_2bisacsh
650 0 _aPolitical science
655 0 _aElectronic books.
758 _iIs found in:
_aKnowledge Unlatched
_1https://openresearchlibrary.org/module/2774bc74-146a-484f-a7ba-ab1d6a09bbfb
856 4 0 _uhttps://openresearchlibrary.org/content/eadfb4fd-1ab9-4025-ad45-5ad734f10439
_zView this content on Open Research Library.
_70
999 _c34220
_d34220